| 000 | 00865nam a22002297a 4500 | ||
|---|---|---|---|
| 999 |
_c7792 _d7792 |
||
| 003 | AR-CdUCM | ||
| 008 | 190321b ||||| |||| 00| 0 spa d | ||
| 040 |
_aMUNICIPALIDAD PROVINCIAL DEL CUSCO _cBIBLIOTECA MUNICIPAL DEL CUSCO |
||
| 082 |
_a576.6 / _bW33 |
||
| 100 |
_aWaterson, A. P. _922018 |
||
| 245 | _aIntroducción a la virologia animal / | ||
| 260 |
_aZaragoza, _bAcribia, _c1962. |
||
| 300 |
_a132 paginas ; _bIlustraciones, _c21 cm. |
||
| 500 | _aTitulo original : Introduction to animal Virology | ||
| 505 | _aContenido :Estudio de los virus -- Examen de las partículas víricas -- Métodos cuantitativos -- Hemoaglutinación -- Ciclo de crecimiento I... | ||
| 650 |
_aVirus _922019 |
||
| 650 |
_aenfermedad _922020 |
||
| 650 |
_aTumores _922021 |
||
| 700 |
_aCordero del Campillo, Miguel (Traductor) _922022 |
||
| 942 |
_2ddc _cLIBROS |
||
| 945 | _awnts | ||